Normal view MARC view

Entry Nombre personal

Number of records used in: 1

001 - NÚMERO DE CONTROL

  • campo de control: 235530

003 - IDENTIFICADOR DE NÚMERO DE CONTROL

  • campo de control: SpMaBN

005 - FECHA Y HORA DE LA ÚLTIMA TRANSACCIÓN

  • campo de control: 20240312140754.0

008 - ELEMENTOS DE DATO DE LONGITUD-FIJA

  • campo de control de longitud fija: 960717n| aijnnaabn |a aaa

016 ## - NÚMERO DE CONTROL DE UNA AGENCIA BIBLIOGRÁFICA NACIONAL

  • Número de control del registro: BNE19960700445

024 7# - IDENTIFICADOR DE OTROS ESTÁNDARES

  • Número estándar o código: http://viaf.org/viaf/18947848/
  • Fuente: viaf

024 7# - IDENTIFICADOR DE OTROS ESTÁNDARES

  • Número estándar o código: https://isni.org/isni/000000005923120X
  • Fuente: isni

024 7# - IDENTIFICADOR DE OTROS ESTÁNDARES

  • Número estándar o código: http://www.wikidata.org/entity/Q3755706
  • Fuente: wikidata

040 ## - FUENTE DE CATALOGACIÓN

  • Centro catalogador/agencia de origen: SpMaBN
  • Lengua de catalogación: spa
  • Centro/agencia transcriptor: SpMaBN
  • Normas de descripción: rdc
  • Convención/Normas de encabezamiento de materia/tesauro: embne

046 ## - FECHAS CON CODIFICACIÓN ESPECIAL

  • Fecha de nacimiento: 1953

100 1# - ENCABEZAMIENTO-NOMBRE DE PERSONA

  • Nombre de persona: Cuní, Josep,
  • Fechas asociadas al nombre: 1953-

370 ## - LUGAR ASOCIADO

  • Lugar de nacimiento: Tiana
  • Número de control del registro de autoridad o número normalizado: XX452230
  • Fuente de información: Wikidata

374 ## - OCUPACIÓN

  • Ocupación: Periodistas
  • Ocupación: Presentadores de televisión
  • Fuente de información: Wikidata

375 ## - GÉNERO/SEXO

  • Género: Masculino

377 ## - IDIOMA ASOCIADO

  • Término de lengua/lenguaje: Catalán
  • Término de lengua/lenguaje: Español

400 1# - TRAZADO DE VÉASE--NOMBRE DE PERSONA

  • Nombre de persona: Cuní i Llaudet, Josep,
  • Fechas asociadas al nombre: 1953-

400 1# - TRAZADO DE VÉASE--NOMBRE DE PERSONA

  • Nombre de persona: Cuní Llaudet, Josep,
  • Fechas asociadas al nombre: 1953-

670 ## - FUENTE DE DATOS ENCONTRADOS

  • Cita de la fuente: Fora d'antena, 1996
  • Información encontrada: port. (Josep Cuní) solapa (Josep Cuní i Llaudet; periodista)

670 ## - FUENTE DE DATOS ENCONTRADOS

  • Cita de la fuente: En directe, 2012
  • Información encontrada: port. (Josep Cuní) solapa (n. 1953, en Tiana; periodista y presentador)

670 ## - FUENTE DE DATOS ENCONTRADOS

  • Cita de la fuente: Remuntant el Segre, 2019
  • Información encontrada: verso de portada (Josep Cuní Llaudet)